[Event "ESP-ch U12 rapid"]
[Site "Salobrena"]
[Date "2023.07.15"]
[Round "3"]
[White "Aviles Jurado, Alfonso"]
[Black "Martinez Sanchez, Paul"]
[Result "0-1"]
[WhiteElo "1169"]
[BlackElo "1013"]
[PlyCount "65"]
[EventDate "2023.07.15"]
[EventType "swiss (rapid)"]
[EventRounds "9"]
[EventCountry "ESP"]
[SourceTitle "EXT 2024"]
[Source "ChessBase"]
[SourceDate "2023.10.10"]
[SourceVersion "1"]
[SourceVersionDate "2023.10.10"]
[SourceQuality "1"]

1. e4 e5 2. Nf3 Nc6 3. Nc3 Nf6 4. d4 exd4 5. Nxd4 Bc5 6. Be3 Bb6 7. Be2 0-0 8. 0-0 h6 9. Qd2 Re8 10. Bf3 d6 11. Rfe1 Ne5 12. Qd1 c5 13. Nf5 Bc7 14. Nb5 Bxf5 15. Nxc7 Nxf3+ 16. Qxf3 Bxe4 17. Qg3 Qxc7 18. Bxh6 Nh5 19. Qg4 Bg6 20. Be3 Nf6 21. Qd1 Re6 22. Qe2 Rae8 23. Rad1 d5 24. Qf1 Ng4 25. g3 d4 26. Bf4 Qe7 27. Rxe6 Qxe6 28. Bd2 Bxc2 29. Re1 Qd7 30. Qh3 Rxe1+ 31. Bxe1 Bf5 32. Qg2 Qe6 33. Qf1 0-1